Vlastné náklady a výsledky hospodárenia poľnohospodárskych podnikov v SR za rok 2004 v triedení podľa výrobných oblastí
Gespeichert in:
| Format: | Buch |
|---|---|
| Sprache: | Slowakisch |
| Veröffentlicht: |
Bratislava
Výskumný ústav ekonomiky poľnohospodárstva a potravinárstva
2005
|
| Schlagworte: | |
| Tags: |
Keine Tags, Fügen Sie das erste Tag hinzu!
|
MARC
| LEADER | 00000nam$a2200000$$$4500 | ||
|---|---|---|---|
| 001 | 0050611 | ||
| 005 | 20240318130043.8 | ||
| 020 | |a 80-8058-381-1 | ||
| 041 | 0 | |a slo | |
| 044 | |a SK | ||
| 245 | 1 | 0 | |a Vlastné náklady a výsledky hospodárenia poľnohospodárskych podnikov v SR za rok 2004 |b v triedení podľa výrobných oblastí |
| 264 | 1 | |a Bratislava |b Výskumný ústav ekonomiky poľnohospodárstva a potravinárstva |c 2005 | |
| 300 | |a 63 s. | ||
| 610 | 2 | 0 | |a podnik poľnohospodársky |
| 610 | 2 | 0 | |a výsledok hospodársky |
| 610 | 2 | 0 | |a náklady vlastné |
| 610 | 2 | 0 | |a výroba |
| 610 | 2 | 0 | |a kalkulácia |
| 610 | 2 | 0 | |a ukazovatele |
| 610 | 2 | 0 | |a Slovensko |
| 610 | 2 | 0 | |a 2004 |